[Event "International chess holiday K11"]
[Site "Praha"]
[Date "2014.07.27"]
[Round "9"]
[White "Fiala, Jan"]
[Black "Kasparova, Tatiana"]
[Result "0-1"]
[WhiteElo "2003"]
[BlackElo "2132"]
[Annotator "Koller,Martin"]
[PlyCount "88"]
[TimeControl "240+2"]

1. Nf3 Nf6 2. d4 c5 3. e3 cxd4 4. exd4 d5 5. Bd3 Bg4 6. O-O Nc6 7. c3
e6 8. Re1 Be7 9. Bg5 O-O 10. Nbd2 Bh5 11. Qc2 Bg6 12. Ne5 Bxd3 13. Qxd3 Nxe5
14. dxe5 Nd7 15. Bxe7 Qxe7 16. Re3 Rfc8 17. Rh3 Nf8 18. Re1 b5 19. Qxb5 Rab8
20. Qa6 Rc7 21. b3 Rbc8 22. c4 Qb4 23. Rd1 Qc5 24. Rd3 Nd7 25. Qd6 Nb6 26. b4
Qc6 27. Qxc6 Rxc6 28. c5 Nd7 29. f4 Rb8 30. Rb1 f6 31. Ra3 a6 32. Re3 Kf7 33.
Rbb3 g5 34. g3 Rg8 35. fxg5 fxe5 36. Nf3 e4 37. Nd4 Rc7 38. a4 Rxg5 39. c6 Nb6
40. b5 a5 41. Re1 e5 42. Rf1+ Ke7 43. Nf5+ Ke6 44. h4 Rxf5 0-1

[Event "International chess holiday K11"]
[Site "Praha"]
[Date "2014.07.27"]
[Round "9"]
[White "Rüll, Michael"]
[Black "Pommrich, Rainer"]
[Result "0-1"]
[WhiteElo "1812"]
[BlackElo "2003"]
[Annotator "Koller,Martin"]
[PlyCount "63"]
[TimeControl "240+2"]

1. e4 c5 2. d4 cxd4 3. c3 Nf6 4. e5 Nd5 5. cxd4 d6 6. Bc4 Nb6 7. Bb5+
Bd7 8. e6 fxe6 9. Bd3 g6 10. Nh3 Nc6 11. Ng5 Nb4 12. Bxg6+ hxg6 13. Qf3 Nc2+
14. Kd1 Qc7 15. Nc3 Nxa1 16. Qf7+ Kd8 17. Qxg6 Kc8 18. Nf7 Rh4 19. Be3 Qc4 20.
Kc1 e5 21. Kb1 exd4 22. Rc1 Qe6 23. Nb5+ Kb8 24. Qg8 Bxb5 25. Qxf8+ Nc8 26. Bg5
Re4 27. Bxe7 a5 28. Nxd6 Bd3+ 29. Kxa1 Re1 30. Qf4 Rxc1+ 31. Qxc1 Nxe7 32. Ne8
0-1

[Event "International chess holiday K11"]
[Site "Praha"]
[Date "2014.07.27"]
[Round "9"]
[White "Schaefer, Martin"]
[Black "Hanl, Frantisek"]
[Result "0-1"]
[WhiteElo "1959"]
[BlackElo "1958"]
[Annotator "Koller,Martin"]
[PlyCount "68"]
[TimeControl "240+2"]

1. d4 c5 2. d5 Nf6 3. Nc3 d6 4. e4 g6 5. f4 Bg7 6. Bb5+ Bd7 7. e5 Ng8
8. Qe2 Bxb5 9. Qxb5+ Qd7 10. Nf3 a6 11. Qe2 Nh6 12. a4 O-O 13. a5 Qc7 14. O-O
Nf5 15. Be3 Nxe3 16. Qxe3 b5 17. axb6 Qxb6 18. b4 Nd7 19. Rab1 Rac8 20. b5 axb5
21. Nxb5 dxe5 22. fxe5 c4 23. Nbd4 Qc5 24. Rb5 Qa7 25. Rfb1 Rb8 26. e6 Rxb5 27.
Rxb5 fxe6 28. Rb1 Rxf3 29. Qxe6+ Rf7 30. Rf1 Bxd4+ 31. Kh1 Bf6 32. d6 exd6 33.
Qxc4 Qc5 34. Qb3 Kg7 0-1

[Event "International chess holiday K11"]
[Site "Praha"]
[Date "2014.07.27"]
[Round "9"]
[White "Vystrcil, Martin"]
[Black "Korth, Manfred"]
[Result "0-1"]
[WhiteElo "1788"]
[BlackElo "1908"]
[Annotator "Koller,Martin"]
[PlyCount "112"]
[TimeControl "240+2"]

1. e4 d6 2. d4 Nf6 3. Nc3 c6 4. Nf3 Bg4 5. Be2 e6 6. h3 Bh5 7. Be3 Be7
8. Qd2 d5 9. e5 Nfd7 10. Nh2 Bxe2 11. Nxe2 c5 12. c3 Nc6 13. f4 cxd4 14. Nxd4
Nc5 15. Nxc6 bxc6 16. Bxc5 Bxc5 17. Nf3 O-O 18. Nd4 Qh4+ 19. Qf2 Qxf2+ 20. Kxf2
Bb6 21. Ke3 f6 22. Rhf1 Rae8 23. a4 c5 24. Ne2 fxe5 25. fxe5 Bc7 26. Rxf8+ Kxf8
27. Nf4 Bxe5 28. Nd3 Bd6 29. b4 c4 30. Nf4 Ke7 31. g3 Rf8 32. h4 Be5 33. Ne2
Kd6 34. Rd1 Bf6 35. Nd4 a6 36. Ne2 g6 37. Rd2 Bg7 38. Rd1 Bh6+ 39. Nf4 Kc6 40.
Ke2 Bxf4 41. gxf4 Rxf4 42. Rh1 h5 43. Rf1 Rxh4 44. Rf6 Re4+ 45. Kd2 g5 46. Rh6
h4 47. Rh5 Rg4 48. Rh6 Kd6 49. b5 axb5 50. axb5 Kc5 51. Rxe6 Kxb5 52. Re8 h3
53. Re1 Rg2+ 54. Ke3 Rg3+ 55. Kd2 g4 56. Kc2 h2 0-1

[Event "International chess holiday K12"]
[Site "Praha"]
[Date "2014.07.27"]
[Round "9"]
[White "Cisarik, Pavol"]
[Black "Spindler, Markus"]
[Result "0-1"]
[WhiteElo "1792"]
[BlackElo "2049"]
[Annotator "Koller,Martin"]
[PlyCount "88"]
[TimeControl "240+2"]

1. e4 e5 2. Nf3 Nc6 3. Bc4 Nf6 4. d4 Be7 5. dxe5 Nxe4 6. Bxf7+ Kxf7 7.
Qd5+ Ke8 8. Qxe4 b6 9. e6 Bb7 10. exd7+ Qxd7 11. O-O Nd8 12. Qe2 Qe6 13. Be3
Rf8 14. Nbd2 Kf7 15. Rfe1 Kg8 16. Nd4 Qg6 17. f3 c5 18. Qc4+ Kh8 19. Nb5 Nc6
20. Qe4 Qxe4 21. Nxe4 Nb4 22. Na3 Bxe4 23. fxe4 Bf6 24. c3 Nd3 25. Re2 Nxb2 26.
Rxb2 Bxc3 27. Rab1 Bxb2 28. Rxb2 Rfe8 29. Kf2 Rxe4 30. Nb5 Rf8+ 31. Ke2 Rfe8
32. Rb3 R8e7 33. Rd3 h6 34. Kf3 R4e6 35. h4 Kh7 36. Bf4 Rf7 37. h5 Re1 38. g3
Rh1 39. Kg4 g5 40. hxg6+ Kxg6 41. Nd6 h5+ 42. Kf3 Rd7 43. Re3 Rf1+ 44. Kg2 Rxf4
0-1

[Event "International chess holiday K12"]
[Site "Praha"]
[Date "2014.07.27"]
[Round "9"]
[White "Taylor, Robert Graham"]
[Black "Hadzala, Daniel"]
[Result "1/2-1/2"]
[WhiteElo "1914"]
[BlackElo "2070"]
[Annotator "Koller,Martin"]
[PlyCount "88"]
[TimeControl "240+2"]

1. c4 Nf6 2. Nc3 d6 3. g3 Nbd7 4. Bg2 e5 5. d3 g6 6. Bd2 Bg7 7. Qc1 h6
8. Nf3 a5 9. O-O c6 10. d4 Qc7 11. dxe5 Nxe5 12. Nxe5 dxe5 13. h3 Bf5 14. e4
Be6 15. Na4 c5 16. b3 Bd7 17. Nc3 Bc6 18. Nd5 Bxd5 19. exd5 Qd6 20. Re1 h5 21.
Bc3 Nd7 22. Qb2 O-O 23. Re2 b6 24. Rae1 Rae8 25. a3 Re7 26. f4 Rfe8 27. f5 gxf5
28. Rf2 Qg6 29. Ref1 h4 30. Rxf5 hxg3 31. Qc1 Bh6 32. Bd2 Bf4 33. Bxf4 Qxf5 34.
Bg5 Qg6 35. Bxe7 Rxe7 36. Qe3 f5 37. d6 Qxd6 38. Bd5+ Kh7 39. Rxf5 Qh6 40. Qe4
Kh8 41. Qe2 Nf6 42. Kg2 Rh7 43. Qxe5 Qd2+ 44. Kf1 Qd1+ 1/2-1/2

[Event "International chess holiday K12"]
[Site "Praha"]
[Date "2014.07.27"]
[Round "9"]
[White "Trebbin Dr., Wolfhard"]
[Black "Müller, Jörg"]
[Result "1-0"]
[WhiteElo "1961"]
[BlackElo "1900"]
[Annotator "Koller,Martin"]
[PlyCount "91"]
[TimeControl "240+2"]

1. d4 e6 2. Nf3 Nf6 3. g3 g6 4. Bg2 Bg7 5. O-O O-O 6. c4 c6 7. Nc3 Re8
8. e4 Kh8 9. Ng5 Re7 10. e5 Ng8 11. Nce4 h6 12. Nf3 d5 13. exd6 Rd7 14. Ne5
Bxe5 15. dxe5 f5 16. exf6 Nxf6 17. Qd4 Rf7 18. Bxh6 Nbd7 19. Ng5 Qg8 20. Nxf7+
Qxf7 21. Bg5 e5 22. Qh4+ Qh7 23. Bxf6+ Nxf6 24. Qxf6+ Qg7 25. Qd8+ Kh7 26. Qh4+
Kg8 27. Rad1 Bd7 28. Bh3 g5 29. Qh5 g4 30. Bg2 Rf8 31. h4 Rf5 32. Qxf5 Bxf5 33.
Rfe1 Bd7 34. Rd2 Qf6 35. c5 Kf8 36. Bf1 Ke8 37. Rde2 Kd8 38. Rxe5 b6 39. b4 b5
40. Bd3 Qf7 41. Re7 Qf6 42. R7e5 a6 43. Bf5 Bxf5 44. Re8+ Kd7 45. R1e7+ Qxe7
46. Rxe7+ 1-0

[Event "International chess holiday K12"]
[Site "Praha"]
[Date "2014.07.27"]
[Round "9"]
[White "Vavrinec, Tomas"]
[Black "Plesnik, Miroslav"]
[Result "1-0"]
[WhiteElo "2011"]
[BlackElo "1863"]
[Annotator "Koller,Martin"]
[PlyCount "87"]
[TimeControl "240+2"]

1. c4 Nf6 2. Nc3 c5 3. g3 e6 4. Nf3 d5 5. cxd5 Nxd5 6. Nxd5 exd5 7. d4
Nc6 8. Bg2 Be7 9. O-O Bg4 10. dxc5 Bxc5 11. Bg5 Qb6 12. Qxd5 O-O 13. Rac1 Be7
14. Bxe7 Nxe7 15. Qe4 Bxf3 16. Bxf3 Nc6 17. b3 Rfe8 18. Qf4 Ne5 19. Rfd1 Nxf3+
20. Qxf3 Rad8 21. e3 h6 22. Rxd8 Rxd8 23. Qe4 Qa6 24. Qe7 Rf8 25. a3 b6 26. Rc7
Qd3 27. Rxa7 Qxb3 28. Rb7 Ra8 29. e4 Qf3 30. Rxb6 Rxa3 31. Rb1 Ra2 32. Qd8+ Kh7
33. Qd4 Re2 34. e5 Re4 35. Qc5 Qd3 36. Rc1 Qe2 37. Qc7 Qd2 38. Rf1 Qd5 39. Qc2
g6 40. f4 Rd4 41. f5 Rd2 42. fxg6+ fxg6 43. Qc7+ Qd7 44. Rf7+ 1-0

[Event "International chess holiday M21"]
[Site "Praha"]
[Date "2014.07.27"]
[Round "1"]
[White "Koubek, Vaclav"]
[Black "Gregor, Jiri"]
[Result "0-1"]
[WhiteElo "2065"]
[BlackElo "2307"]

1. e4 c6 2. d4 d5 3. e5 c5 4. c3 Nc6 5. Nf3 e6 6. Be2 Bd7 7. O-O Qb6 8.
b3 Rc8 9. Bb2 Nh6 10. Na3 cxd4 11. cxd4 Nb4 12. Qd2 Be7 13. Ne1 O-O 14. Nd3 Nf5
15. Ne1 Rc7 16. g4 Nh4 17. f4 Rfc8 18. Qe3 h6 19. Kh1 a5 20. Rg1 f6 21. Nd3
Nxd3 22. Bxd3 fxe5 23. fxe5 Bg5 24. Qe2 Be8 25. Raf1 a4 26. bxa4 Bxa4 27. Ba1
Qb4 28. Nb5 Rc2 29. Rb1 Qxb1 30. Rxb1 Rxe2 31. Bxe2 Bc2 32. Nd6 Rc7 33. Rf1 Bg6
34. Bb5 Rc2 35. a4 Be4+ 36. Nxe4 dxe4 0-1

[Event "International chess holiday M21"]
[Site "Praha"]
[Date "2014.07.27"]
[Round "1"]
[White "Barthel, Ansgar"]
[Black "Sisak, Richard"]
[Result "1-0"]
[WhiteElo "2226"]
[BlackElo "2017"]

1. e4 d6 2. d4 Nf6 3. Nc3 e5 4. dxe5 dxe5 5. Qxd8+ Kxd8 6. Bc4 Be6 7.
Bxe6 fxe6 8. f3 Nbd7 9. Be3 Bc5 10. Bxc5 Nxc5 11. Nh3 Ke7 12. Nf2 a6 13. O-O-O
b5 14. Rd2 Rhd8 15. Rhd1 Rd6 16. b4 Ncd7 17. Nd3 Nh5 18. g3 Rf8 19. Rf1 g5 20.
Rdf2 Rd4 21. a3 Nhf6 22. g4 Ne8 23. h4 h6 24. hxg5 hxg5 25. Rh1 Nd6 26. Rh7+
Nf7 27. Nb1 a5 28. Nc3 c6 29. bxa5 Rc4 30. Kb2 Ra8 31. Rfh2 Kf6 32. Rxf7+ Kxf7
33. Rh7+ Ke8 34. Nxe5 Nxe5 35. Rh8+ Kd7 36. Rxa8 Nxf3 37. a6 b4 38. axb4 Rxb4+
39. Kc1 1-0

[Event "International chess holiday M21"]
[Site "Praha"]
[Date "2014.07.27"]
[Round "1"]
[White "Dalling, Peter"]
[Black "Hanl, Frantisek"]
[Result "0-1"]
[WhiteElo "1907"]
[BlackElo "1958"]

1. Nc3 d5 2. e4 dxe4 3. Nxe4 e5 4. Nf3 f5 5. Ng3 Bd6 6. d4 e4 7. Bg5
Nf6 8. Ne5 c6 9. Bc4 Bxe5 10. dxe5 Qa5+ 11. Bd2 Qxe5 12. Bc3 Qe7 13. Qd4 c5 14.
Qe5 Nc6 15. Qf4 g6 16. O-O-O Rf8 17. Rhe1 Be6 18. Bb5 Nd5 19. Bxc6+ bxc6 20.
Qe5 O-O-O 21. Ba5 Nb6 22. f3 Rxd1+ 23. Rxd1 Nc4 24. Qc3 Nxa5 25. Qxa5 exf3 26.
gxf3 Bd5 27. Re1 Qc7 28. Qxc5 Rd8 29. b3 Bxf3 30. Re7 Qb6 31. Qxb6 axb6 32.
Rxh7 f4 33. Rf7 Rd1+ 34. Kb2 fxg3 35. hxg3 Bd5 36. Rf4 Rd2 37. Rg4 Re2 38. Kc1
Be4 39. c4 Bf5 40. Rf4 Rg2 0-1

[Event "International chess holiday M21"]
[Site "Praha"]
[Date "2014.07.27"]
[Round "1"]
[White "Michalek, Frantisek"]
[Black "Nilsson, Patrik"]
[Result "1/2-1/2"]
[WhiteElo "2058"]
[BlackElo "2121"]

1. e4 e6 2. d4 d5 3. exd5 exd5 4. Bd3 Nc6 5. c3 Bd6 6. Nf3 Bg4 7. h3
Bh5 8. O-O Nge7 9. b4 f6 10. Na3 Bg6 11. Nb5 Bxd3 12. Qxd3 a6 13. Nxd6+ Qxd6
14. a4 Qd7 15. Bf4 O-O 16. Rfe1 Rfe8 17. Bg3 g6 18. Qe3 Nf5 19. Qf4 Nxg3 20.
Qxg3 Ne7 21. Qf4 Kg7 22. g4 g5 23. Qg3 Ng6 24. a5 Nf4 25. Kh1 Rxe1+ 26. Rxe1
Re8 27. Re3 Ne2 28. Qg2 Rxe3 29. fxe3 Nxc3 30. Qc2 Ne4 31. Nd2 Qe7 32. Kg1 c6
33. Nxe4 Qxe4 34. Qd2 Kg6 35. Kh2 h5 36. gxh5+ Kxh5 37. Qe2+ Kg6 38. Qd2 f5 39.
Kg3 Qb1 40. Kg2 Qe4+ 41. Kg3 Kh5 42. Qe2+ g4 43. Kh2 Kg5 44. hxg4 fxg4 45. Kg3
Qf5 46. Kg2 Qb1 47. Qf2 Qf5 48. Qe2 Qe4+ 1/2-1/2

[Event "International chess holiday M21"]
[Site "Praha"]
[Date "2014.07.27"]
[Round "1"]
[White "Bilek, Roman"]
[Black "Scherer, Frank"]
[Result "0-1"]
[WhiteElo "1958"]
[BlackElo "2063"]
[Annotator "Koller,Martin"]
[PlyCount "90"]
[TimeControl "240+2"]

1. e4 c6 2. d4 d5 3. exd5 cxd5 4. c4 Nf6 5. Nc3 Nc6 6. Nf3 Bg4 7. cxd5
Nxd5 8. Qb3 Bxf3 9. gxf3 e6 10. Qxb7 Nxd4 11. Bb5+ Nxb5 12. Qc6+ Ke7 13. Qxb5
Nxc3 14. bxc3 Rb8 15. Qc5+ Ke8 16. Qxa7 Bd6 17. Qd4 Qc7 18. f4 Ke7 19. O-O Rhd8
20. Be3 Rbc8 21. Rab1 Kf8 22. Qe4 Kg8 23. a4 Qxc3 24. Rfc1 Qa3 25. Rxc8 Rxc8
26. Qb7 Rf8 27. Qc6 Qd3 28. Qb5 Qg6+ 29. Kf1 Qe4 30. a5 Bxf4 31. Bxf4 Qxf4 32.
a6 Qxh2 33. Rb4 Rd8 34. a7 Qh1+ 35. Ke2 Qd1+ 36. Ke3 Qe1+ 37. Kf3 Qh1+ 38. Kf4
e5+ 39. Kxe5 Qa1+ 40. Kf4 Qxa7 41. Rb2 g6 42. Re2 Qd4+ 43. Kg3 Qd6+ 44. Kh4
Qf4+ 45. Kh3 Qf5+ 0-1

[Event "International chess holiday K21"]
[Site "Praha"]
[Date "2014.07.27"]
[Round "1"]
[White "Klamp, Cristoph"]
[Black "Koubek, Vaclav"]
[Result "1/2-1/2"]
[WhiteElo "2053"]
[BlackElo "2034"]
[Annotator "Koller,Martin"]
[PlyCount "47"]
[TimeControl "240+2"]

1. Nf3 Nf6 2. c4 b6 3. g3 Bb7 4. Bg2 g6 5. Nc3 Bg7 6. O-O O-O 7. d4 d5
8. Ne5 c6 9. Qb3 Nbd7 10. Rd1 e6 11. f4 Qc7 12. Be3 Rac8 13. Rac1 Qb8 14. Bf3
Rfd8 15. Bf2 h6 16. Rd2 Nxe5 17. fxe5 dxc4 18. Qxc4 Nd5 19. Bxd5 cxd5 20. Qd3
Qc7 21. Rdc2 Qd7 22. Nd1 Rxc2 23. Rxc2 Rc8 24. Be3 1/2-1/2

[Event "International chess holiday K21"]
[Site "Praha"]
[Date "2014.07.27"]
[Round "1"]
[White "Reichmann, Steffen"]
[Black "Lammers, Frank"]
[Result "1/2-1/2"]
[WhiteElo "1966"]
[BlackElo "1999"]
[Annotator "Koller,Martin"]
[PlyCount "81"]
[TimeControl "240+2"]

1. e4 e6 2. Nf3 d5 3. e5 c5 4. b4 cxb4 5. a3 Nc6 6. axb4 Bxb4 7. c3 Be7
8. d4 f6 9. Bd3 fxe5 10. dxe5 Qc7 11. Qe2 Bc5 12. Na3 a6 13. O-O Nge7 14. Bg5
h6 15. Bxe7 Nxe7 16. Nh4 Bd7 17. Qh5+ Kd8 18. Nf3 Rf8 19. Nb5 Bxb5 20. Bxb5 Rc8
21. Bd3 Nc6 22. c4 d4 23. Qh4+ Qe7 24. Qe4 g5 25. Qg6 Rh8 26. Rfd1 Kc7 27. Be4
Rhg8 28. Qh5 Rcd8 29. Qg4 Rgf8 30. g3 Qe8 31. Rdb1 a5 32. Rb5 b6 33. Rd1 Qd7
34. Bg6 Rxf3 35. Qxf3 Nxe5 36. Qe4 Nxc4 37. Rb3 a4 38. Rf3 Qd6 39. Rf7+ Rd7 40.
Qa8 Rxf7 41. Bxf7 1/2-1/2

[Event "International chess holiday K21"]
[Site "Praha"]
[Date "2014.07.27"]
[Round "1"]
[White "Schoenmakers, Nico"]
[Black "Skopec, Lubos"]
[Result "0-1"]
[WhiteElo "1885"]
[BlackElo "1959"]
[Annotator "Koller,Martin"]
[PlyCount "44"]
[TimeControl "240+2"]

1. e4 c5 2. Nf3 d6 3. d4 cxd4 4. Nxd4 Nf6 5. Nc3 g6 6. Be3 Bg7 7. f3
O-O 8. Qd2 Nc6 9. O-O-O d5 10. exd5 Nxd5 11. Nxd5 Qxd5 12. Nb3 Qe5 13. c3 Bf5
14. Qf2 Rac8 15. g4 Nb4 16. gxf5 Nxa2+ 17. Kb1 Nxc3+ 18. bxc3 Rxc3 19. Qa2 Qxe3
20. Nc1 Qb6+ 21. Qb2 Rxc1+ 22. Kxc1 Qxb2# 0-1

[Event "International chess holiday K21"]
[Site "Praha"]
[Date "2014.07.27"]
[Round "1"]
[White "Vesely, Jaromir"]
[Black "Thomasson, Staffan"]
[Result "1-0"]
[WhiteElo "1949"]
[BlackElo "1882"]
[Annotator "Koller,Martin"]
[PlyCount "71"]
[TimeControl "240+2"]

1. d4 g6 2. c4 Bg7 3. Nc3 c5 4. Nf3 Na6 5. e4 d6 6. Be2 Bd7 7. O-O cxd4
8. Nxd4 Nf6 9. Be3 Nc5 10. f3 O-O 11. Qd2 Re8 12. Nd5 Rc8 13. b4 Ne6 14. Rac1
Nc7 15. Rfd1 b6 16. b5 Ne6 17. Nb4 Nxd4 18. Bxd4 Qc7 19. Na6 Qb7 20. Bd3 e5 21.
Be3 Be6 22. Bf1 Red8 23. a4 Bf8 24. a5 Nd7 25. Nb4 Nc5 26. Qa2 bxa5 27. Nc6 Rd7
28. Nxa5 Qxb5 29. cxb5 Bxa2 30. Rxc5 dxc5 31. Rxd7 c4 32. Nc6 c3 33. Rxa7 Bb3
34. Nxe5 c2 35. Nd3 Bc4 36. Nc1 1-0

[Event "International chess holiday K21"]
[Site "Praha"]
[Date "2014.07.27"]
[Round "1"]
[White "Wolf, Ulrich"]
[Black "Andersson, Steffan"]
[Result "1-0"]
[WhiteElo "2071"]
[BlackElo "1902"]
[Annotator "Koller,Martin"]
[PlyCount "83"]
[TimeControl "240+2"]

1. Nf3 d5 2. c4 e6 3. b3 Nf6 4. Bb2 b6 5. g3 Bb7 6. Bg2 Be7 7. O-O O-O
8. d4 Nbd7 9. cxd5 Bxd5 10. Nc3 Bb7 11. Rc1 c5 12. e3 Rc8 13. Qe2 cxd4 14. exd4
Nd5 15. Rfd1 N7f6 16. Nxd5 Nxd5 17. Ne5 Bg5 18. f4 Rxc1 19. Rxc1 Bxf4 20. Rf1
Be3+ 21. Kh1 Qg5 22. Ba3 Rc8 23. Nxf7 Qg6 24. Nd6 Rc2 25. Nxb7 h6 26. Qf3 Bxd4
27. Qf8+ Kh7 28. Nd6 Rxg2 29. Kxg2 Ne3+ 30. Kh1 Qd3 31. Rc1 Qe2 32. Qa8 Nd5 33.
Qf8 Bf6 34. h3 Qf3+ 35. Kh2 Qf2+ 36. Kh1 Ne3 37. Qa8 Nd5 38. Rg1 Bd4 39. Rg2
Qf1+ 40. Kh2 Nc3 41. Bb2 Ne2 42. Qe4+ 1-0

[Event "International chess holiday M21"]
[Site "Praha"]
[Date "2014.07.27"]
[Round "2"]
[White "Gregor, Jiri"]
[Black "Scherer, Frank"]
[Result "1-0"]
[WhiteElo "2307"]
[BlackElo "2063"]
[Annotator "Koller,Martin"]
[PlyCount "77"]
[TimeControl "240+2"]

1. d4 Nf6 2. c4 g6 3. Nc3 Bg7 4. e4 d6 5. f3 O-O 6. Be3 e5 7. d5 c6 8.
Qd2 cxd5 9. cxd5 a6 10. g4 Nbd7 11. Nge2 h5 12. h3 b5 13. Ng3 h4 14. Nge2 Nh7
15. g5 Nb6 16. b3 Bd7 17. Nc1 Rc8 18. Nd3 a5 19. Nd1 Na8 20. N1f2 b4 21. Be2
Qe7 22. Nb2 Nc7 23. Nc4 Nb5 24. Nxa5 Nc3 25. Nc4 Bb5 26. Rc1 Nxe2 27. Kxe2 Ra8
28. Nd3 f6 29. Nxb4 fxg5 30. a4 Bxc4+ 31. Rxc4 Qf7 32. Rf1 Qd7 33. Nc6 Bf6 34.
Rh1 Bd8 35. Rcc1 Qb7 36. Qd3 Nf6 37. Rhg1 Nh5 38. Nxd8 Raxd8 39. Rxg5 neèitelné 1-0

[Event "International chess holiday M21"]
[Site "Praha"]
[Date "2014.07.27"]
[Round "2"]
[White "Hanl, Frantisek"]
[Black "Bilek, Roman"]
[Result "1-0"]
[WhiteElo "1958"]
[BlackElo "1958"]
[Annotator "Koller,Martin"]
[PlyCount "47"]
[TimeControl "240+2"]

1. e4 c5 2. Nf3 e6 3. d4 cxd4 4. Nxd4 a6 5. Bd3 Nc6 6. Be3 Qc7 7. O-O
Bd6 8. f4 Nge7 9. c3 e5 10. Nxc6 dxc6 11. f5 f6 12. Nd2 b5 13. a4 Bb7 14. Qh5+
Kf8 15. c4 Bb4 16. axb5 cxb5 17. cxb5 axb5 18. Rxa8+ Bxa8 19. Nb3 Bc6 20. Rc1
Qb7 21. Nc5 Bxc5 22. Bxc5 Bxe4 23. Bxe4 Qxe4 24. Qd1 1-0

[Event "International chess holiday M21"]
[Site "Praha"]
[Date "2014.07.27"]
[Round "2"]
[White "Koubek, Vaclav"]
[Black "Michalek, Frantisek"]
[Result "1-0"]
[WhiteElo "2057"]
[BlackElo "2058"]
[Annotator "Koller,Martin"]
[PlyCount "109"]
[TimeControl "240+2"]

1. e4 Nf6 2. Nc3 d5 3. exd5 Nxd5 4. Ne4 Nf6 5. Nxf6+ exf6 6. Nf3 Bd6 7.
d4 O-O 8. Be2 c6 9. O-O Bg4 10. c3 Nd7 11. h3 Bh5 12. Nh4 Bxe2 13. Qxe2 Re8 14.
Qg4 g6 15. Bh6 Bf8 16. Nf5 Bxh6 17. Nxh6+ Kf8 18. Qh4 Kg7 19. Ng4 h5 20. Ne3
Qa5 21. Qg3 Re7 22. d5 Kh7 23. Qd6 Qc5 24. Qxc5 Nxc5 25. Rad1 Kg7 26. Rfe1 Kf8
27. c4 cxd5 28. Nxd5 Rxe1+ 29. Rxe1 Nd3 30. Re2 f5 31. b3 Re8 32. Rd2 Re1+ 33.
Kh2 Nc5 34. f3 h4 35. Nc7 a6 36. Rd8+ Kg7 37. Ne8+ Kh6 38. Nd6 Kg7 39. b4 Ne6
40. Rd7 Nf4 41. Rxf7+ Kg8 42. Rxb7 Re2 43. Rb8+ Kg7 44. Re8 Rxg2+ 45. Kh1 Rxa2
46. c5 Ra1+ 47. Kh2 Ra2+ 48. Kg1 Ra1+ 49. Kf2 Nd3+ 50. Ke3 Nxb4 51. Rc8 Kf6 52.
c6 Ke7 53. Nc4 Rd1 54. c7 Rd3+ 55. Ke2 1-0

[Event "International chess holiday M21"]
[Site "Praha"]
[Date "2014.07.27"]
[Round "2"]
[White "Nilsson, Patrik"]
[Black "Barthel, Ansgar"]
[Result "1/2-1/2"]
[WhiteElo "2121"]
[BlackElo "2226"]
[Annotator "Koller,Martin"]
[PlyCount "89"]
[TimeControl "240+2"]

1. e4 Nf6 2. e5 Nd5 3. Nf3 d6 4. exd6 cxd6 5. d4 g6 6. c4 Nb6 7. b3 Bg7
8. Bb2 O-O 9. Be2 Nc6 10. O-O Bg4 11. h3 Bxf3 12. Bxf3 d5 13. c5 Nc8 14. Na3 e6
15. Nc2 N8e7 16. Ne3 b6 17. Rc1 bxc5 18. Rxc5 Qb6 19. Qd2 Rfc8 20. Rfc1 a5 21.
Bc3 Rd8 22. Rb1 Ra7 23. a3 e5 24. Nxd5 Nxd5 25. Rxd5 Rxd5 26. Bxd5 exd4 27. Ba1
Ne7 28. Bc4 Nf5 29. b4 Nd6 30. Bd3 h6 31. bxa5 Qxa5 32. Qxa5 Rxa5 33. Rb3 Ra4
34. Bb2 Nc4 35. Bc1 Bf8 36. Rb8 Kg7 37. Bxc4 Rxc4 38. Bxh6+ Kxh6 39. Rxf8 Rc1+
40. Kh2 d3 41. Rd8 Rd1 42. Kg3 d2 43. Kf3 Ra1 44. Rxd2 Rxa3+ 45. Ke2 1/2-1/2

[Event "International chess holiday M21"]
[Site "Praha"]
[Date "2014.07.27"]
[Round "2"]
[White "Sisak, Richard"]
[Black "Dalling, Peter"]
[Result "1/2-1/2"]
[WhiteElo "2017"]
[BlackElo "1907"]
[Annotator "Koller,Martin"]
[PlyCount "47"]
[TimeControl "240+2"]

1. d4 Nf6 2. Bf4 d5 3. e3 e6 4. Nd2 Bd6 5. Bg3 b6 6. c3 O-O 7. Ngf3 Bb7
8. Bd3 Ne4 9. Ne5 f5 10. f4 Be7 11. Qe2 c5 12. Bf2 Nd7 13. Nxe4 fxe4 14. Ba6
Bxa6 15. Qxa6 Nxe5 16. dxe5 Qc7 17. O-O Rad8 18. Rad1 c4 19. Qa4 Rb8 20. Qc2 b5
21. a3 a5 22. Qe2 b4 23. axb4 axb4 24. Qg4 1/2-1/2

[Event "International chess holiday K21"]
[Site "Praha"]
[Date "2014.07.27"]
[Round "2"]
[White "Andersson, Stefan"]
[Black "Koubek, Vaclav"]
[Result "0-1"]
[WhiteElo "1902"]
[BlackElo "2033"]
[Annotator "Koller,Martin"]
[PlyCount "100"]
[TimeControl "240+2"]

1. d4 Nf6 2. c4 g6 3. Nf3 Bg7 4. e3 d5 5. Be2 c6 6. O-O O-O 7. Nc3 Bf5
8. b3 Ne4 9. Bb2 Nxc3 10. Bxc3 Nd7 11. cxd5 cxd5 12. Rc1 Rc8 13. Bb4 Re8 14. h3
Nf6 15. Ne5 a6 16. g4 Bd7 17. f4 Ne4 18. Kg2 f6 19. Nxd7 Qxd7 20. Bd3 Nd6 21.
Qf3 Nf7 22. f5 Ng5 23. Qd1 gxf5 24. Bxf5 e6 25. Bb1 Rxc1 26. Qxc1 e5 27. Bf5
Qb5 28. Qd2 exd4 29. Qxd4 Ne4 30. Re1 Kh8 31. a4 Qc6 32. Re2 Qc7 33. Bxe4 Rxe4
34. Qc5 Qd7 35. Rd2 Qe8 36. Kf3 Bh6 37. Qxd5 Rxe3+ 38. Kg2 Re5 39. Qd8 Bxd2 40.
Qxf6+ Kg8 41. Bxd2 Re2+ 42. Kf1 Re6 43. Qd4 Qf7+ 44. Kg1 Qf6 45. Qc4
45 Qe5 46. Bc3 Qe3+ 47. Kh2 Qe2+ 48. Qxe2 Rxe2+ 49. Kg1 Re3 50. Bd4 Rxb3 0-1

[Event "International chess holiday K21"]
[Site "Praha"]
[Date "2014.07.27"]
[Round "2"]
[White "Lammers Dr., Frank"]
[Black "Veselý Dr., Jaromir"]
[Result "1/2-1/2"]
[WhiteElo "1999"]
[BlackElo "1949"]
[Annotator "Koller,Martin"]
[PlyCount "140"]
[TimeControl "240+2"]

1. d4 d5 2. Bf4 Nf6 3. e3 Bf5 4. Nd2 e6 5. Ngf3 Bd6 6. Bg3 h6 7. Ne5
O-O 8. f4 c5 9. c3 Nc6 10. Bh4 cxd4 11. exd4 Qc7 12. Be2 Ne4 13. Nxe4 Bxe4 14.
O-O f6 15. Nxc6 bxc6 16. Qd2 c5 17. dxc5 Bxc5+ 18. Bf2 Rab8 19. Bxc5 Qxc5+ 20.
Kh1 Rfc8 21. Rac1 Rc6 22. Bf3 f5 23. Bxe4 fxe4 24. Rfe1 Qa5 25. a3 Qb5 26. Rc2
Qc4 27. Rd1 Rb3 28. f5 Rb5 29. fxe6 Rxe6 30. Qd4 e3 31. Qxc4 dxc4 32. Re1 Kf7
33. g3 Rd5 34. Ree2 g5 35. Kg2 g4 36. Rc1 Rd2 37. Rce1 Rb6 38. Rxd2 exd2 39.
Rd1 Rxb2 40. Kf2 Rc2 41. Ke2 Rxc3 42. Rxd2 Rxa3 43. Rd4 Ra2+ 44. Ke3 h5 45.
Rxc4 Ra5 46. Kf4 Ke6 47. Ke4 Kd6 48. Rc8 Rb5 49. Rh8 Kc6 50. Rh6+ Kb7 51. Kd4
a5 52. Kc4 Rf5 53. Kb3 Kc7 54. Ka4 Kd7 55. Kb3 Ke7 56. Kc4 Kf7 57. Kd4 a4 58.
Ra6 Rf2 59. Rxa4 Rxh2 60. Ke3 Ke6 61. Ra6+ Kd5 62. Ra5+ Kc4 63. Ra4+ Kb5 64.
Ra8 Rg2 65. Kf4 Rd2 66. Rh8 Rd5 67. Ke4 Rg5 68. Kf4 Rc5 69. Ke4 Rc4+ 70. Kd3
Rc5 1/2-1/2

[Event "International chess holiday K21"]
[Site "Praha"]
[Date "2014.07.27"]
[Round "2"]
[White "Skopec, Lubos"]
[Black "Klamp, Christoph"]
[Result "1-0"]
[WhiteElo "1959"]
[BlackElo "2053"]
[Annotator "Koller,Martin"]
[PlyCount "61"]
[TimeControl "240+2"]

1. e4 c5 2. c3 Nf6 3. e5 Nd5 4. d4 cxd4 5. Nf3 Nc6 6. Bc4 Nb6 7. Bb3 d5
8. exd6 Qxd6 9. O-O Be6 10. Na3 a6 11. Bxe6 Qxe6 12. Nxd4 Nxd4 13. Qxd4 Rd8 14.
Qh4 Nd5 15. c4 Nf6 16. Bg5 Qe5 17. Rad1 Qxb2 18. Rxd8+ Kxd8 19. Qg3 Kc8 20. Rb1
Qd4 21. Qb3 Qe4 22. c5 e6 23. Nc4 Bxc5 24. Be3 Be7 25. f3 Qc6 26. Na5 Qd7 27.
Nxb7 Qd5 28. Rc1+ Kb8 29. Qc2 Qd7 30. Rb1 Rc8 31. Nd6+ 1-0